LEADER 01097nam0-22003251i-450- 001 990001862500403321 005 20090209150639.0 035 $a000186250 035 $aFED01000186250 035 $a(Aleph)000186250FED01 035 $a000186250 100 $a20030910d1962----km-y0itay50------ba 101 0 $aita 102 $aIT 105 $ay-------001yy 200 1 $aConsiderazioni su alcuni procedimenti tecnici, frequenti nella floricoltura industriale$fPier Luigi Ghisleni 210 $aTorino$c[s.n.]$d1962 215 $a42 p.$d24 cm 225 1 $aRaccolta di memorie$fUniversità degli studi di Torino. Facoltà di scienze agrarie$v344 300 $aEstr. da: Annali dell'Accademia di Agricoltura di Torino, 1961-62. 610 0 $aFloricoltura 676 $a635.9 700 1$aGhisleni,$bPier Luigi$071227 801 0$aIT$bUNINA$gRICA$2UNIMARC 901 $aBK 912 $a990001862500403321 952 $a60 MISC. B 131/344$fFAGBC 959 $aFAGBC 996 $aConsiderazioni su alcuni procedimenti tecnici, frequenti nella floricoltura industriale$9401850 997 $aUNINA LEADER 01901nam 22005293u 450 001 9910451199703321 005 20210106234840.0 035 $a(CKB)1000000000332963 035 $a(EBL)276105 035 $a(OCoLC)701901251 035 $a(SSID)ssj0001632439 035 $a(PQKBManifestationID)16384431 035 $a(PQKBTitleCode)TC0001632439 035 $a(PQKBWorkID)14949031 035 $a(PQKB)11715844 035 $a(MiAaPQ)EBC276105 035 $a(EXLCZ)991000000000332963 100 $a20151005d2006|||| u|| | 101 0 $aeng 135 $aur|n|---||||| 181 $ctxt 182 $cc 183 $acr 200 10$aPuccini's LA RONDINE (Opera Journeys Libretto Series)$b[electronic resource] 210 $cOpera Journeys Publishing$d2006 215 $a1 online resource (65 p.) 300 $aDescription based upon print version of record. 311 $a1-60129-557-X 327 $a""Puccini's LA RONDINE / Opera Journeys Libretto Series""; ""Title Page""; ""Opera Journeys Publications""; ""About the Editor / Burton D. Fisher""; ""Provenance""; ""Principal Characters in La Rondine""; ""Brief Story Synopsis""; ""Act I""; ""Act II""; ""Act III"" 330 $aA newly translated LIBRETTO of Puccini's LA RONDINE (The Swallow) with many music examples. 606 $aOperas --Librettos 606 $aOperas 606 $aPuccini, Giacomo, 1858-1924. Trittico. Suor Angelica 608 $aElectronic books. 615 4$aOperas --Librettos. 615 4$aOperas. 615 4$aPuccini, Giacomo, 1858-1924. Trittico. Suor Angelica. 676 $a782.1/0268 700 $aFisher$b Burton D$0849438 702 $aFisher$b Burton D 801 0$bAU-PeEL 801 1$bAU-PeEL 801 2$bAU-PeEL 906 $aBOOK 912 $a9910451199703321 996 $aPuccini's LA RONDINE (Opera Journeys Libretto Series)$92226738 997 $aUNINA